Central Library OPAC University of Rajshahi

Advanced theoretical physics / (Record no. 51842)

MARC details
000 -LEADER
fixed length control field 00683nam a2200229 a 4500
001 - CONTROL NUMBER
control field 51842
003 - CONTROL NUMBER IDENTIFIER
rucl marc code BD-RjUL
005 - DATE AND TIME OF LATEST TRANSACTION
control field 20211209075723.0
008 - FIXED-LENGTH DATA ELEMENTS--GENERAL INFORMATION
fixed length control field 160904s1964 enka 001 0 eng d
035 ## - SYSTEM CONTROL NUMBER
System control number (BD-RjUL)51962
040 ## - CATALOGING SOURCE
Original cataloging agency CNO
Transcribing agency CNO
Modifying agency UKM
-- EQO
-- BD-RjUL
Language of cataloging eng
041 ## - LANGUAGE CODE
Language code of text/sound track or separate title eng
082 04 - DEWEY DECIMAL CLASSIFICATION NUMBER
Classification number 530
Edition number 23
Author mark and year WEA 1964
100 1# - MAIN ENTRY--PERSONAL NAME
Personal name Webber, David,
9 (RLIN) 155079
245 10 - TITLE STATEMENT
Title Advanced theoretical physics /
Statement of responsibility, etc. D. Webber. With a foreword by F.C. Brown.
260 ## - PUBLICATION, DISTRIBUTION, ETC. (IMPRINT)
Place of publication, distribution, etc. London :
Name of publisher, distributor, etc. Chatto & Windus,
Date of publication, distribution, etc. c1964.
300 ## - PHYSICAL DESCRIPTION
Pagination xvi, 264 p. :
Illustrations ill. ;
Size 23 cm.
490 0# - SERIES STATEMENT
Series statement Modern science: physics and chemistry
500 ## - GENERAL NOTE
General note Includes index
650 #0 - SUBJECT ADDED ENTRY--TOPICAL TERM
Topical term or geographic name as entry element Physics.
9 (RLIN) 155080
942 ## - ADDED ENTRY ELEMENTS (KOHA)
Source of classification or shelving scheme Dewey Decimal Classification
Koha item type Books
Holdings
Lost status Source of classification or shelving scheme Damaged status Not for loan Collection code Permanent Location Current Location Shelving location Date acquired Source of acquisition Cost, normal purchase price Total Checkouts Full call number Date last seen Copy number Koha item type
  Dewey Decimal Classification     Non-fiction Central Library, University of Rajshahi Central Library, University of Rajshahi   14/01/1974 Euro Bangladesh New Agency 44.00   530 WEA 1964 04/09/2016 C-2 Books